000 00601nam a2200229Ia 4500
003 GCL
008 140319s9999 xx 000 0 eng d
040 _aGCL /
_cGCL
082 0 4 _a709.0216
_bA H
100 1 _aAGHION, IRENE
245 1 0 _aHEROS ET DIEUX DE L'ANTIQUITE: GUIDE ICONOGRAPHUE /
_cAGHION, IRENE
700 1 _aBARBILLON, CLAIRE
700 1 _aLESSARRAGUE, FRANCOIS
260 _a[S.N] :
_bFlam marion ،
_c1994
300 _a316 P
650 0 4 _aANTIQUITIES
650 0 4 _aARTS
650 0 4 _aROMANESQUE ART
650 0 4 _aART - HISTORY
650 0 4 _aROMAN ARTIST
942 _2ddc
_cBK
999 _c15317
_d15317